000
00296nam a22001337a 4500
008
170724b xxu||||| |||| 00| 0 eng d
020
_a
9780393730616
041
_a
eng
080
_a
004
100
_a
29
101
_a
SHK
245
_a
VISUAL DESIGN ON THE COMPUTER
_c
WONG,W
942
_2
udc
_c
BK
999
_c
21783
_d
21783